Loading...

Ideology and social science /

Bibliographic Details
Main Author: Béteille, André
Format: Printed Book
Language:English
Published: New Delhi : Penguin Books India, 2006.
Subjects:
LEADER 00825cam a2200217 a 4500
008 060814t2006 ii 000 0 eng
020 |a 0143062018 
020 |a 9780143062011  |c Rs. 250.00 
082 |2 301.0954 
100 1 |a Béteille, André. 
245 1 0 |a Ideology and social science /  |c André Béteille ; foreword by Ramachandra Guha. 
246 1 4 |a Ideology & social science 
260 |a New Delhi :  |b Penguin Books India,  |c 2006. 
300 |a xxii, 274 p. ;  |c 21 cm. 
651 0 |a India  |x Social conditions. 
653 |a India  |a Social conditions 
906 |a 7  |b cbc  |c origode  |d 3  |e ncip  |f 20  |g y-gencatlg 
942 |c BK 
955 |a wd38 2006-08-14 to RCCD 
999 |c 277929  |d 277929 
952 |0 0  |1 0  |2 ddc  |4 0  |6 301_095400000000000_BET_I  |7 0  |9 312565  |a PHL  |b PHL  |c ST1  |d 2017-02-22  |g 250.00  |i 4492  |l 0  |o 301.0954 BET/I  |p PHL4492  |r 2017-02-22  |y BK